Myšlenky o zahradníctve vôbec, a o štepárstve obzvlášte

Bibliographic Details
Main Author: Moyzes, Štefan, 1797-1869 (Author)
Format: Book
Language:Slovak
PhysicalDescription:2 nečíslované strany, 28 strán, 2 nečíslované strany portrét 22 x 14 cm
Subjects:

MARC

LEADER 00000cam a2200000 a 4500
001 vtls001285746
003 SK-MaSNL
005 20260301155342.0
008 240314s1865 xo c g f 00000 slo
035 |a SNK000237279 
040 |a SNKHF  |b slo  |c SNKHF  |e rda 
041 0 |a slo 
044 |a xo  |c SK 
072 7 |a 635  |x Záhradkárstvo  |2 konspekt 
072 7 |a 634  |x Ovocinárstvo  |2 konspekt 
080 |a 633/635.018  |2 2011 
080 |a 634  |2 2011 
080 |a (035)  |2 2011 
100 1 |a Moyzes, Štefan,  |d 1797-1869  |4 aut  |9 213299 
245 1 0 |a Myšlenky o zahradníctve vôbec, a o štepárstve obzvlášte  |c Napísal Jeho Excellencia, osvietený a najdôstojnejší Pán Pán Štefan Moyses, biskup b. bystrický, Jeho c. a kráľovsko-apoštolského Veličestva skut. tajný radca, sl. umení a filosofie doktor a spolu predseda Matice Slovenskej. Ustanovením V. zasadnutia výboru Matice Slovenskej z "Národnieho Kalendára" na rok 1866, vyňaté a cieľom rozšírenia medzi ľud slovenský v 5.000 výtiskoch nákladom Matice Slovenskej vydané 
264 2 |a V B. Bystrici  |b Na sklade u Eugena Krčméryho, matičného kníhkupca  |c 1865 
300 |a 2 nečíslované strany, 28 strán, 2 nečíslované strany  |b portrét  |c 22 x 14 cm 
336 |a text  |b txt  |2 rdacontent 
337 |a bez média  |b n  |2 rdamedia 
338 |a zväzok  |b nc  |2 rdacarrier 
500 |a Portrét autora na začiatku textu 
546 |a Slovenčina  |b Antikva  |b Kurzíva 
563 |a Väzba: kartónová.  |5 SNK SC 380/4 D1 
563 |a Väzba: kartónová.  |5 SNK SC 380/4 D2 
563 |a Väzba: kartónová.  |5 SNK SC 380/4 D3 
563 |a Väzba: kartónová.  |5 SNK SC 380/4 D4 
563 |a Väzba: kartónová.  |5 SNK SC 380/4 
650 0 7 |a záhradníctvo  |2 SNKPH  |9 2729 
650 0 7 |a ovocinárstvo  |2 SNKPH  |9 16370 
655 7 |a príručky  |2 SNKPH  |9 74364 
700 1 |a Krčméry, Eugen,  |d 1830-1891  |4 bsl  |9 166924 
710 0 |a Krčméry, Eugen (Banská Bystrica, Slovensko),  |d 1856-1880  |4 bsl  |9 383661 
752 |a Slovensko  |d Skalica 
852 |a Slovenská národná knižnica  |p SC 380/4 D1 
852 |a Slovenská národná knižnica  |p SC 380/4 D2 
852 |a Slovenská národná knižnica  |p SC 380/4 D3 
852 |a Slovenská národná knižnica  |p SC 380/4 D4 
852 |a Slovenská národná knižnica  |p SC 380/4 
958 |a ONDV 
958 |a DF 
999 |c 800611  |d 802541 
952 |a SNK  |b SNK  |y PREZ  |7 0  |p 17A0065587  |o snkSC 380/4 D3  |i snkF 2226/85  |8 5  |3 rekatalogizácia  |z Rok: 1865  |0 0  |1 0  |4 0  |d 1997-05-06  |l 0  |r 2005-01-02 00:00:00  |w 2026-02-24 
952 |a SNK  |b SNK  |c SNK_KF  |y PREZ  |7 0  |p 17A0145946  |o snkSC 380/4  |i snk 709/28  |8 5  |0 0  |1 0  |4 0  |d 1998-07-02  |l 0  |r 2025-05-27 00:00:00  |w 2026-02-24 
952 |a SNK  |b SNK  |y PREZ  |7 0  |p 17A0390452  |o snkSC 380/4 D2  |i snkD 3277/61  |8 1  |3 rekatalogizácia  |z Rok: 1865  |0 0  |1 0  |4 0  |d 2003-07-24  |l 0  |r 2005-01-02 00:00:00  |w 2026-02-24 
952 |a SNK  |b SNK  |y PREZ  |7 0  |p 17A0390451  |o snkSC 380/4 D1  |i snkKSF 3548/56  |8 5  |3 rekatalogizácia  |z Rok: 1865  |0 0  |1 0  |4 0  |d 2003-07-24  |l 0  |r 2005-01-02 00:00:00  |w 2026-02-24 
952 |a SNK  |b SNK  |y PREZ  |7 0  |p 17A0459828  |o snkSC 380/4 D4  |i snkKSF 3548/56  |8 5  |3 rekatalogizácia  |z Rok: 1865  |0 0  |1 0  |4 0  |d 2005-04-13  |l 0  |r 2026-02-24 02:06:20  |w 2026-02-24